000 004390000a22001690004500
003 MACL
005 20151230152845.0
008 151230b xxu||||| |||| 00| 0 eng d
040 _aMACL
_cMACL
041 _aEnglish
082 _a320/GAN
100 _aGandhi M K
_98264
245 _aSatyagraha in South Africa
260 _bNavajivan Publishing House
_c1928
_aAhmedabad
650 _aPolitical Science
_925094
942 _cBK
_k320/Gan
_2ddc
999 _c35468
_d35468